Province italiane con la A - Statistics

Statistiche generali
  • Questo quiz è stato fatto 167 volte
  • Il punteggio medio è 7 su 8
Statistiche sulle risposte
Province Sigla % Corretto
Aosta AO
100%
Agrigento AG
98%
Ancona AN
98%
Avellino AV
97%
Alessandria AL
88%
Arezzo AR
85%
Asti AT
78%
Ascoli Piceno AP
70%
Nessun quiz corrispondente trovato
Distribuzione punteggi
Percentuale di utenti per punteggio
Percentile per numero di risposta
I tuoi punteggi nel tempo
Non hai fatto questo quiz